• 首页
  • 本馆介绍
  • 公告通知
  • 最新文献
  • 馆藏检索
  • 电子资源
  • 读者导购
  • 参考咨询
  • 我的图书馆
  • 登录
  • 详细信息显示
  • 放入我的书架
  • 预约/预借图书
  • 作者相关作品
  • 分类相关作品
  • 丛书相关作品
  • 出版社相关作品

书目信息

  • 表格格式
  • 工作单格式
  • 卡片格式
题名:
海明威评传
    
 
作者: 金苏 编著
分册:  
出版信息: 北京   中华工商联合出版社  2018.08
页数: 231页
开本: 23cm
丛书名:
单 册:
中图分类: K837.125.6=533 , K837.12
科图分类:
主题词: 作家--zuo jia--传记--美国--现代
电子资源:
ISBN: 978-7-5158-2360-7
000 00949nam0 2200241 450
001 2268766150
005 20220915190628.77
010    @a978-7-5158-2360-7@b精装@dCNY49.80
100    @a20181024d2018 em y0chiy50 ea
101 0  @achi
102    @aCN@b110000
105    @ay z 000yd
200 1  @a海明威评传@Ahai ming wei ping zhuan@f金苏编著
210    @a北京@c中华工商联合出版社@d2018.08
215    @a231页@d23cm
330    @a《海明威评传》一书主要介绍了海明威充满传奇色彩的一生。他经历过战火硝烟, 有过四段婚姻, 多次从车祸和飞机失事的大火中重新站立起来, 却始终坚信“人可以被毁灭, 不可被打败。”最后以饮弹自尽的方式结束了一生。但他的精神圣火不会熄灭, 将永远激励后人。
600  1 @a海明威@Ahai ming wei@g(Hemingway, Ernest),@f1899-1961@x评传
606 0  @a作家@Azuo jia@x传记@y美国@z现代
690    @aK837.125.6=533@v5
690    @aK837.12@v4
701  0 @a金苏@Ajin su@4编著
801  0 @aCN@b人天书店@c20181024
905    @aZUCC@dK837.12@e24
    
    海明威评传/金苏编著.-北京:中华工商联合出版社,2018.08
    231页;23cm
    
    
    ISBN 978-7-5158-2360-7(精装):CNY49.80
    《海明威评传》一书主要介绍了海明威充满传奇色彩的一生。他经历过战火硝烟, 有过四段婚姻, 多次从车祸和飞机失事的大火中重新站立起来, 却始终坚信“人可以被毁灭, 不可被打败。”最后以饮弹自尽的方式结束了一生。但他的精神圣火不会熄灭, 将永远激励后人。
●
相关链接 在五车中查询图书 在当当中查询图书 在豆瓣中查询图书


正题名:海明威评传     索取号:K837.12/24         预约/预借

序号 登录号 条形码 馆藏地/架位号 状态 备注
1 2000892409   2000892409   第三书库/ [索取号:K837.12/24] 在馆    
2 2000892410   2000892410   第三书库/ [索取号:K837.12/24] 已借出,限还日期为2026.01.10
借出人:张佳伟  
 
3 2000892411   2000892411   第三书库/ [索取号:K837.12/24] 在馆    
山东省滨州职业学院图书馆 欢迎您!
大连网信软件有限公司© 版权所有